000 00455nam a2200157Ia 4500
999 _c19763
_d19763
003 OSt
005 20200624094529.0
008 190216s9999||||xx |||||||||||||| ||und||
040 _coclc
082 _a954
_bMAC/I
100 _aMacmunn, George
_93146
245 4 _aThe Indian Mutiny In Perspective /
_cGeorge Macmunn
260 _bSunita Publications,
_c1985.
_aDelhi:
300 _a276p
942 _cBK
_2ddc
_h954
_iMAC/I
_k954
_mMAC/I